South East Asian Country Shapes - Statistics

General Stats
  • This quiz has been taken 108 times
  • The average score is 10 of 11
Answer Stats
Picture Answer % Correct
Thailand
99%
Indonesia
95%
Vietnam
95%
Philippines
94%
Malaysia
88%
Laos
87%
Myanmar
85%
Singapore
83%
Brunei
79%
East Timor
79%
Cambodia
78%
No matching quizzes found
Score Distribution
Percent of People with Each Score
Percentile by Number Answered
Your Score History
You have not taken this quiz